000
00297nam a2200109Ia 4500
008
220204s9999 xx 000 0 und d
082
_a
661.8.32
_b
SCO
245
0
_a
Chlorine: Its manufacture, properties and uses
260
_a
New York
_b
Robert E Krieger
_c
1962
700
_a
Sconce, J S
942
_c
BK
999
_c
32412
_d
32412